书目信息 |
| 题名: |
地理学评论
|
|
| 作者: | 周尚意 , 刘卫东 , 柴彦威 主编 | |
| 分册: | 第二辑 第五届人文地理学沙龙纪实 | |
| 出版信息: | 北京 商务印书馆 2010.11 |
|
| 页数: | 147页 | |
| 开本: | 26cm | |
| 丛书名: | ||
| 单 册: | ||
| 中图分类: | K90-53 , K901-53 | |
| 科图分类: | ||
| 主题词: | 地理学--文集 , 人文地理学--文集 , 地理学 , 人文地理学 | |
| 电子资源: | ||
| ISBN: | 978-7-100-07377-6 | |
| 000 | 01078nam0 2200301 45 | |
| 001 | 1355756749 | |
| 005 | 20130515102004.37 | |
| 010 | @a978-7-100-07377-6@dCNY33.00 | |
| 100 | @a20130108d2010 em y0chiy0110 ea | |
| 101 | 0 | @achi |
| 102 | @aCN@b110000 | |
| 105 | @ay z 000yy | |
| 106 | @ar | |
| 200 | 1 | @a地理学评论@ADi Li Xue Ping Lun@h第二辑@HDi Er Ji@i第五届人文地理学沙龙纪实@IDi Wu Jie Ren Wen Di Li Xue Sha Long Ji Shi@f周尚意,刘卫东,柴彦威主编@FZhou Shang Yi, Liu Wei Dong, Chai Yan Wei Zhu Bian |
| 210 | @a北京@c商务印书馆@d2010.11 | |
| 215 | @a147页@d26cm | |
| 330 | @a本书内容包括:明清之际韩江流域社会动乱与聚落形态的转变、珠江三角洲聚落空间的历史社会学分析、莆田平原的聚落形态与仪式联盟等。 | |
| 606 | 0 | @a地理学@j文集 |
| 606 | 0 | @a人文地理学@j文集 |
| 606 | 0 | @a地理学 |
| 606 | 0 | @a人文地理学 |
| 690 | @aK90-53@v5 | |
| 690 | @aK901-53@v5 | |
| 701 | 0 | @a周尚意@AZhou Shang Yi@4主编 |
| 701 | 0 | @a刘卫东@ALiu Wei Dong@4主编 |
| 701 | 0 | @a柴彦威@AChai Yan Wei@4主编 |
| 801 | @aCN@bTANGWEI@c20130112 | |
| 905 | @b0832484-88@dK90-53@e204:2@f5 | |
| 地理学评论.第二辑.第五届人文地理学沙龙纪实/周尚意,刘卫东,柴彦威主编.-北京:商务印书馆,2010.11 |
| 147页;26cm |
| ISBN 978-7-100-07377-6:CNY33.00 |
| 本书内容包括:明清之际韩江流域社会动乱与聚落形态的转变、珠江三角洲聚落空间的历史社会学分析、莆田平原的聚落形态与仪式联盟等。 |
| ● |
| 相关链接 |
|
|
|
|
正题名:地理学评论
索取号:K90-53/204:2
 
预约/预借
| 序号 | 登录号 | 条形码 | 馆藏地/架位号 | 状态 | 备注 |
| 1 | 0832484 | 208324847 | 第二样本阅览室/ [索取号:K90-53/204:2] | 在馆 | |
| 2 | 0832485 | 208324856 | 密集书库-资源管理系/ [索取号:K90-53/204:2] | 在馆 | |
| 3 | 0832486 | 208324865 | 第二借阅区/ [索取号:K90-53/204:2] | 在馆 | |
| 4 | 0832487 | 208324874 | 第二借阅区/ [索取号:K90-53/204:2] | 在馆 | |
| 5 | 0832488 | 208324883 | 第二借阅区/ [索取号:K90-53/204:2] | 在馆 |